| 000 | 01457nam a2200325 a 4500 | ||
|---|---|---|---|
| 001 | ebr10068322 | ||
| 003 | CaPaEBR | ||
| 006 | m u | ||
| 007 | cr cn||||||||| | ||
| 008 | 910312s1991 dcua sb 001 0 eng | ||
| 010 | _z 91012489 | ||
| 020 | _z0585002029 (electronic bk.) | ||
| 020 | _z0309043778 | ||
| 040 |
_aCaPaEBR _cCaPaEBR |
||
| 035 | _a(OCoLC)42328494 | ||
| 050 | 1 | 4 |
_aVM455 _b.N35 1991eb |
| 082 | 0 | 4 |
_a623.8/245 _220 |
| 110 | 2 |
_aNational Research Council (U.S.). _bCommittee on Tank Vessel Design. |
|
| 245 | 1 | 0 |
_aTanker spills _h[electronic resource] : _bprevention by design / _cCommittee on Tank Vessel Design, Marine Board, Commission on Engineering and Technical Systems, National Research Council. |
| 260 |
_aWashington, D.C. : _bNational Academy Press, _c1991. |
||
| 300 |
_axxviii, 350 p. : _bill. |
||
| 504 | _aIncludes bibliographical references and index. | ||
| 530 | _aAlso available as an electronic book via the World Wide Web to institutions affiliated with netLibrary, Inc. | ||
| 533 |
_aElectronic reproduction. _bPalo Alto, Calif. : _cebrary, _d2013. _nAvailable via World Wide Web. _nAccess may be limited to ebrary affiliated libraries. |
||
| 650 | 0 |
_aTankers _xAccidents. |
|
| 650 | 0 | _aOil spills. | |
| 655 | 7 |
_aElectronic books. _2local |
|
| 710 | 2 | _aebrary, Inc. | |
| 856 | 4 | 0 |
_uhttp://site.ebrary.com/lib/rucke/Doc?id=10068322 _zAn electronic book accessible through the World Wide Web; click to view |
| 999 |
_c28239 _d28239 |
||